<?xml version="1.0" encoding="UTF-8"?>
<record
    xmlns:xsi="http://www.w3.org/2001/XMLSchema-instance"
    xsi:schemaLocation="http://www.loc.gov/MARC21/slim http://www.loc.gov/standards/marcxml/schema/MARC21slim.xsd"
    xmlns="http://www.loc.gov/MARC21/slim">

  <leader>00797nam a22002297a 4500</leader>
  <datafield tag="999" ind1=" " ind2=" ">
    <subfield code="c">7809</subfield>
    <subfield code="d">7809</subfield>
  </datafield>
  <controlfield tag="005">20231031135411.0</controlfield>
  <controlfield tag="008">231031b           ||||| |||| 00| 0 eng d</controlfield>
  <datafield tag="020" ind1=" " ind2=" ">
    <subfield code="a">9788419734044</subfield>
  </datafield>
  <datafield tag="040" ind1=" " ind2=" ">
    <subfield code="a">CDMR</subfield>
  </datafield>
  <datafield tag="100" ind1="1" ind2=" ">
    <subfield code="9">827</subfield>
    <subfield code="a">Pla, Josep</subfield>
    <subfield code="d">1897-1981</subfield>
  </datafield>
  <datafield tag="245" ind1=" " ind2=" ">
    <subfield code="a">La inflaci&#xF3; alemanya </subfield>
    <subfield code="b">: cr&#xF2;niques a La Publicitat (agost 1923 - mar&#xE7; 1924) </subfield>
    <subfield code="c">/ Josep Pla ; selecci&#xF3; i edici&#xF3; de Xavier Pla ; pr&#xF2;leg de Josep M. Fradera</subfield>
  </datafield>
  <datafield tag="260" ind1=" " ind2=" ">
    <subfield code="a">Barcelona : </subfield>
    <subfield code="b">Destino, </subfield>
    <subfield code="c">2023</subfield>
  </datafield>
  <datafield tag="300" ind1=" " ind2=" ">
    <subfield code="a">340 p.</subfield>
  </datafield>
  <datafield tag="490" ind1=" " ind2=" ">
    <subfield code="a">L'&#xC0;ncora </subfield>
    <subfield code="v">; 286</subfield>
  </datafield>
  <datafield tag="600" ind1="1" ind2="0">
    <subfield code="9">827</subfield>
    <subfield code="a">Pla, Josep</subfield>
    <subfield code="d">(1897-1981)</subfield>
  </datafield>
  <datafield tag="630" ind1=" " ind2="0">
    <subfield code="9">4903</subfield>
    <subfield code="a">La Publicitat (Diari)</subfield>
  </datafield>
  <datafield tag="650" ind1=" " ind2="0">
    <subfield code="9">3172</subfield>
    <subfield code="a">Periodisme</subfield>
    <subfield code="z">Catalunya</subfield>
    <subfield code="y">1923-1924</subfield>
  </datafield>
  <datafield tag="650" ind1=" " ind2="0">
    <subfield code="9">4</subfield>
    <subfield code="a">Periodistes catalans</subfield>
    <subfield code="y">S. XX</subfield>
  </datafield>
  <datafield tag="700" ind1="1" ind2=" ">
    <subfield code="9">3655</subfield>
    <subfield code="a">Pla, Xavier</subfield>
  </datafield>
  <datafield tag="700" ind1=" " ind2=" ">
    <subfield code="9">4902</subfield>
    <subfield code="a">Fradera, Josep M.</subfield>
  </datafield>
  <datafield tag="942" ind1=" " ind2=" ">
    <subfield code="2">udc</subfield>
    <subfield code="c">MON</subfield>
  </datafield>
  <datafield tag="952" ind1=" " ind2=" ">
    <subfield code="0">0</subfield>
    <subfield code="1">0</subfield>
    <subfield code="2">udc</subfield>
    <subfield code="4">0</subfield>
    <subfield code="7">0</subfield>
    <subfield code="a">CDMR</subfield>
    <subfield code="b">CDMR</subfield>
    <subfield code="d">2023-10-31</subfield>
    <subfield code="e">Donaci&#xF3;</subfield>
    <subfield code="g">22.90</subfield>
    <subfield code="l">0</subfield>
    <subfield code="o">Du 5/55</subfield>
    <subfield code="p">CDMR23100030</subfield>
    <subfield code="r">2023-10-31</subfield>
    <subfield code="w">2023-10-31</subfield>
    <subfield code="y">MON</subfield>
  </datafield>
</record>
